| 000 | 01047cam a2200289 a 4500 | ||
|---|---|---|---|
| 001 | 12919410 | ||
| 005 | 20170105102916.0 | ||
| 008 | 020906s2003 maua 000 0 eng | ||
| 010 | _a 2001133326 | ||
| 020 | _a0618162275 (v. 1) | ||
| 020 | _a0618162283 (v. 2) | ||
| 040 |
_aDLC _cDLC _dDLC |
||
| 050 | 0 | 0 |
_aCB245 _b.S58 2003 |
| 082 | 0 | 0 |
_a909/.09821 _221 |
| 245 | 0 | 0 |
_aSources of the Western tradition / _c[edited by] Marvin Perry, Joseph R. Peden, Theodore H. Von Laue. |
| 250 | _a5th ed. | ||
| 260 |
_aBoston : _bHoughton Mifflin, _cc2003. |
||
| 300 |
_a534 p. : _bill. ; _c24 cm. |
||
| 505 | 0 | _av. 1. From ancient times to the Enlightenment -- v. 2. From the Renaissance to the present. | |
| 650 | 0 |
_aCivilization, Western _xHistory _vSources. |
|
| 700 | 1 | _aPerry, Marvin. | |
| 700 | 1 | _aPeden, Joseph R. | |
| 700 | 1 |
_aVon Laue, Theodore H. _q(Theodore Hermann) |
|
| 906 |
_a7 _bcbc _corigcop _d2 _encip _f20 _gy-gencatlg |
||
| 942 |
_2ddc _cBK |
||
| 999 |
_c15346 _d15346 |
||